Welcome to the official Sarawak Skills Library system. If you are a new user, please contact our librarian to register.

[Digital] Character Animation 3 (Record no. 14089)

MARC details
000 -LEADER
fixed length control field 00421nam a2200157Ia 4500
008 - FIXED-LENGTH DATA ELEMENTS--GENERAL INFORMATION
fixed length control field 241206s9999||||xx |||||||||||||| ||und||
020 ## - INTERNATIONAL STANDARD BOOK NUMBER
International Standard Book Number 0321376005
Terms of availability 152
040 ## - CATALOGING SOURCE
Language of cataloging eng
Transcribing agency SSK Library
Description conventions rda
082 ## - DEWEY DECIMAL CLASSIFICATION NUMBER
Classification number 741.58/MAE
003 - CONTROL NUMBER IDENTIFIER
control field OSt
005 - DATE AND TIME OF LATEST TRANSACTION
control field 20241206223157.0
100 ## - MAIN ENTRY--PERSONAL NAME
Personal name George Maestri
245 #0 - TITLE STATEMENT
Title [Digital] Character Animation 3
260 ## - PUBLICATION, DISTRIBUTION, ETC.
Name of publisher, distributor, etc. New Riders
Date of publication, distribution, etc. 2©006
942 ## - ADDED ENTRY ELEMENTS (KOHA)
Source of classification or shelving scheme
Koha item type Book
Suppress in OPAC
Holdings
Withdrawn status Lost status Damaged status Not for loan Home library Current library Date acquired Cost, normal purchase price Total checkouts Full call number Barcode Date last seen Copy number Price effective from Koha item type
        Sarawak Skills Kuching Library Sarawak Skills Kuching Library 12/06/2024 152.00   741.58/MAE 1005426 12/06/2024 1 12/06/2024 Book